[Event "Olomouc IM-B"]
[Site "Olomouc"]
[Date "2009.08.07"]
[Round "3"]
[White "Porat, Maya"]
[Black "Sonter, Matthew"]
[Result "0-1"]
[WhiteElo "2221"]
[BlackElo "2158"]
[PlyCount "84"]
[EventDate "2009.08.05"]
[EventType "tourn"]
[EventRounds "9"]
[EventCountry "CZE"]
[EventCategory "2"]
[SourceTitle "CBM 131 Extra"]
[Source "ChessBase"]
[SourceDate "2009.09.03"]
[SourceVersion "2"]
[SourceVersionDate "2009.09.16"]
[SourceQuality "1"]

1. d4 Nf6 2. c4 e6 3. Nf3 b6 4. g3 Ba6 5. b3 Bb4+ 6. Bd2 Be7 7. Bg2 c6 8. Ne5 d5 9. Bc3 Nfd7 10. Nxd7 Nxd7 11. Nd2 b5 12. 0-0 0-0 13. e4 bxc4 14. bxc4 Nb6 15. exd5 exd5 16. Ba5 Qd7 17. Bxb6 axb6 18. Rc1 Bg5 19. f4 Bf6 20. Kh1 Bxd4 21. Nb3 Bf6 22. Rf2 d4 23. Rd2 c5 24. Bxa8 Rxa8 25. Kg1 Bb7 26. Rcc2 Re8 27. Re2 Rxe2 28. Rxe2 Bf3 29. Nc1 g6 30. Kf2 Bxe2 31. Qxe2 h5 32. h4 Qa4 33. Kg2 Kg7 34. Qd3 b5 35. cxb5 c4 36. Qb1 d3 37. Nxd3 cxd3 38. Qxd3 Qxa2+ 39. Kf3 Qb2 40. Qd5 Bd4 41. Ke4 Bf2 42. f5 Qe2+ 0-1

[Event "Karlovy Vary op"]
[Site "Karlovy Vary"]
[Date "2009.05.02"]
[Round "5"]
[White "Sonter, Matthew"]
[Black "Tomandl, Vladimir"]
[Result "1-0"]
[WhiteElo "2152"]
[BlackElo "1841"]
[PlyCount "61"]
[EventDate "2009.04.29"]
[EventType "swiss"]
[EventRounds "7"]
[EventCountry "CZE"]
[SourceTitle "CBM 130 Extra"]
[Source "ChessBase"]
[SourceDate "2009.07.02"]
[SourceVersion "2"]
[SourceVersionDate "2009.07.15"]
[SourceQuality "1"]

1. e4 Nf6 2. e5 Nd5 3. d4 d6 4. c4 Nb6 5. exd6 exd6 6. Nf3 Bg4 7. Be2 Be7 8. Nc3 0-0 9. 0-0 Nc6 10. b3 Bf6 11. Be3 d5 12. c5 Nc8 13. h3 Bf5 14. Bd3 N8e7 15. Rb1 Qd7 16. b4 Ng6 17. b5 Nce7 18. Ne2 c6 19. a4 Rfe8 20. Ng3 Nh4 21. bxc6 bxc6 22. Nxh4 Bxh4 23. Nxf5 Nxf5 24. Qh5 g6 25. Bxf5 Qe7 26. Qg4 h5 27. Qf3 gxf5 28. Qxf5 Kg7 29. Qxh5 Rh8 30. Qg4+ Kf8 31. Bf4 1-0

[Event "Karlovy Vary op"]
[Site "Karlovy Vary"]
[Date "2009.04.30"]
[Round "3"]
[White "Sonter, Matthew"]
[Black "Natsidis, Christoph"]
[Result "1/2-1/2"]
[WhiteElo "2152"]
[BlackElo "2308"]
[PlyCount "30"]
[EventDate "2009.04.29"]
[EventType "swiss"]
[EventRounds "7"]
[EventCountry "CZE"]
[SourceTitle "CBM 130 Extra"]
[Source "ChessBase"]
[SourceDate "2009.07.02"]
[SourceVersion "2"]
[SourceVersionDate "2009.07.15"]
[SourceQuality "1"]

1. e4 e6 2. d4 d5 3. Nc3 Nf6 4. Bg5 dxe4 5. Nxe4 Be7 6. Bxf6 gxf6 7. Nf3 b6 8. Bb5+ c6 9. Bd3 Bb7 10. Qe2 Qc7 11. 0-0-0 Nd7 12. Rhe1 0-0-0 13. Ba6 Kb8 14. g3 f5 15. Ned2 Bf6 1/2-1/2

[Event "Surfers Paradise op"]
[Site "Gold Coast"]
[Date "2008.08.30"]
[Round "2"]
[White "Sonter, Matthew"]
[Black "Guo, Emma"]
[Result "0-1"]
[WhiteElo "2175"]
[BlackElo "1732"]
[PlyCount "50"]
[EventDate "2008.08.29"]
[EventType "swiss"]
[EventRounds "6"]
[EventCountry "AUS"]
[SourceTitle "EXT 2009"]
[Source "ChessBase"]
[SourceDate "2008.11.26"]
[SourceVersion "1"]
[SourceVersionDate "2008.11.26"]
[SourceQuality "1"]

1. e4 c5 2. Nf3 e6 3. d4 cxd4 4. Nxd4 a6 5. Bd3 Nc6 6. Be3 Qc7 7. Nc3 Nf6 8. 0-0 d6 9. Kh1 Be7 10. f4 0-0 11. Qf3 Bd7 12. Rae1 b5 13. Qg3 Nh5 14. Qh3 Nxf4 15. Bxf4 e5 16. Nf5 exf4 17. Nd5 Qd8 18. Rxf4 Bg5 19. Rff1 g6 20. Qg3 Kh8 21. Nxd6 Bh4 22. Qe3 Bxe1 23. Rxf7 Be6 24. Qxe1 Qxd6 25. Qc3+ Ne5 0-1

[Event "Surfers Paradise op"]
[Site "Gold Coast"]
[Date "2008.08.30"]
[Round "4"]
[White "Sonter, Matthew"]
[Black "Yu, Sally"]
[Result "1-0"]
[WhiteElo "2175"]
[BlackElo "1765"]
[PlyCount "61"]
[EventDate "2008.08.29"]
[EventType "swiss"]
[EventRounds "6"]
[EventCountry "AUS"]
[SourceTitle "EXT 2009"]
[Source "ChessBase"]
[SourceDate "2008.11.26"]
[SourceVersion "1"]
[SourceVersionDate "2008.11.26"]
[SourceQuality "1"]

1. e4 e5 2. Nf3 Nc6 3. Bb5 a6 4. Ba4 Nf6 5. 0-0 Nxe4 6. d4 b5 7. Bb3 d5 8. dxe5 Be6 9. c3 Bc5 10. Nbd2 0-0 11. Bc2 Nxf2 12. Rxf2 f6 13. exf6 Bxf2+ 14. Kxf2 Qxf6 15. Nf1 d4 16. Qd3 g6 17. Bb3 Rad8 18. Bg5 Qxg5 19. Bxe6+ Kg7 20. Kg1 Qf6 21. Bb3 Ne5 22. Nxe5 Qxe5 23. cxd4 Rxd4 24. Qc3 Qf4 25. Ng3 b4 26. Qe1 Rd2 27. Qe7+ Kh6 28. Kh1 Rxb2 29. h4 Rf2 30. Qg5+ Kg7 31. Nh5+ 1-0

[Event "Olomouc FIDE Cup"]
[Site "Olomouc"]
[Date "2007.08.09"]
[Round "10"]
[White "Hozda, David"]
[Black "Sonter, Matthew"]
[Result "0-1"]
[WhiteElo "2039"]
[BlackElo "2183"]
[PlyCount "52"]
[EventDate "2007.08.01"]
[EventType "tourn"]
[EventRounds "10"]
[EventCountry "CZE"]
[SourceTitle "CBM 119 Extra"]
[Source "ChessBase"]
[SourceDate "2007.09.04"]
[SourceVersion "1"]
[SourceVersionDate "2007.09.04"]
[SourceQuality "1"]

1. d4 Nf6 2. c4 e6 3. Nc3 Bb4 4. a3 Bxc3+ 5. bxc3 0-0 6. e3 d6 7. f4 e5 8. fxe5 dxe5 9. Nf3 Bg4 10. Qb3 e4 11. Qxb7 exf3 12. Qxa8 c6 13. Kd2 Ne4+ 14. Kc2 Nf2 15. gxf3 Bxf3 16. Rg1 Qc7 17. d5 cxd5 18. Bg2 Nd7 19. Qxf8+ Kxf8 20. Bxf3 Qxc4 21. Rg5 Nc5 22. Rxd5 Nfe4 23. Rd8+ Ke7 24. Rb8 Qxc3+ 25. Kb1 Qd3+ 26. Ka2 Qc2+ 0-1

[Event "Olomouc FIDE Cup"]
[Site "Olomouc"]
[Date "2007.08.05"]
[Round "6"]
[White "Sonter, Matthew"]
[Black "Parligras, Cosmin"]
[Result "1/2-1/2"]
[WhiteElo "2183"]
[BlackElo "2255"]
[PlyCount "107"]
[EventDate "2007.08.01"]
[EventType "tourn"]
[EventRounds "10"]
[EventCountry "CZE"]
[SourceTitle "CBM 119 Extra"]
[Source "ChessBase"]
[SourceDate "2007.09.04"]
[SourceVersion "1"]
[SourceVersionDate "2007.09.04"]
[SourceQuality "1"]

1. e4 c5 2. Nf3 d6 3. d4 cxd4 4. Nxd4 Nf6 5. Nc3 Nc6 6. Bc4 e6 7. Be3 Bd7 8. Qe2 Rc8 9. 0-0-0 Ne5 10. Bd3 a6 11. f4 Nxd3+ 12. Rxd3 Rxc3 13. Rxc3 Nxe4 14. Rd3 Be7 15. Rdd1 0-0 16. g4 Qc7 17. Kb1 Rc8 18. Rhg1 b5 19. c3 a5 20. Rc1 a4 21. a3 Rb8 22. Nc2 e5 23. fxe5 dxe5 24. Nb4 Qb7 25. Rge1 Be6 26. Ba7 Qxa7 27. Nc6 Qb7 28. Nxe7+ Qxe7 29. Qxe4 f6 30. Rcd1 Bf7 31. Qc6 h6 32. h4 Kh7 33. g5 fxg5 34. hxg5 Qxg5 35. Ka1 Qg4 36. Rd7 Be8 37. Qc7 Bxd7 38. Qxb8 e4 39. Qe5 Bc6 40. Qd4 Qe6 41. Rg1 Qf6 42. Qc5 Be8 43. c4 bxc4 44. Qxc4 Qe5 45. Re1 e3 46. Qd3+ Bg6 47. Qxe3 Qd5 48. Qc3 Bf7 49. Kb1 Qf5+ 50. Kc1 Qf4+ 51. Qe3 Qc4+ 52. Qc3 Qf4+ 53. Qe3 Qc4+ 54. Qc3 1/2-1/2

[Event "Olomouc FIDE Cup"]
[Site "Olomouc"]
[Date "2007.08.02"]
[Round "2"]
[White "Cagasik, Tomas"]
[Black "Sonter, Matthew"]
[Result "1-0"]
[WhiteElo "2238"]
[BlackElo "2183"]
[PlyCount "88"]
[EventDate "2007.08.01"]
[EventType "tourn"]
[EventRounds "10"]
[EventCountry "CZE"]
[SourceTitle "CBM 119 Extra"]
[Source "ChessBase"]
[SourceDate "2007.09.04"]
[SourceVersion "1"]
[SourceVersionDate "2007.09.04"]
[SourceQuality "1"]

1. e4 c5 2. Nc3 Nc6 3. Bb5 Nd4 4. Bc4 Nf6 5. Nf3 d6 6. e5 dxe5 7. Nxe5 e6 8. 0-0 Bd6 9. Nf3 a6 10. a4 Qc7 11. h3 b6 12. d3 Bb7 13. Ne4 Nxe4 14. dxe4 Bxe4 15. Nxd4 cxd4 16. Qxd4 Qc6 17. Rd1 0-0-0 18. Bxa6+ Kb8 19. Bb5 Qb7 20. Qc4 Bc7 21. Rxd8+ Rxd8 22. Qf1 Bxc2 23. Be3 f5 24. Ba6 Qd5 25. a5 bxa5 26. Qe2 Qd1+ 27. Rxd1 Rxd1+ 28. Qxd1 Bxd1 29. Bc4 e5 30. Bd2 a4 31. Bc3 g5 32. Kf1 Ka7 33. Ke1 Bb3 34. Bxb3 axb3 35. Kd2 Kb6 36. Kd3 Kc5 37. Bd2 e4+ 38. Ke2 f4 39. Bc3 Bd8 40. f3 Kd5 41. Bg7 h5 42. Kd2 Ba5+ 43. Ke2 Bd8 44. Kd2 exf3 1-0

[Event "Paris-ch"]
[Site "Paris"]
[Date "2006.07.12"]
[Round "7"]
[White "Peric, Slavisa"]
[Black "Sonter, Matthew"]
[Result "1-0"]
[WhiteElo "2274"]
[BlackElo "2169"]
[PlyCount "107"]
[EventDate "2006.07.08"]
[EventType "swiss"]
[EventRounds "9"]
[EventCountry "FRA"]
[SourceTitle "EXT 2007"]
[Source "ChessBase"]
[SourceDate "2006.11.23"]
[SourceVersion "1"]
[SourceVersionDate "2006.11.23"]
[SourceQuality "1"]

1. d4 Nf6 2. Nf3 e6 3. e3 b6 4. Bd3 Bb7 5. Nbd2 c5 6. 0-0 Nc6 7. a3 Qc7 8. b3 cxd4 9. exd4 Nxd4 10. Nxd4 Qc3 11. Nxe6 fxe6 12. Rb1 Qc7 13. Bb2 0-0-0 14. Qe2 Bd6 15. g3 Qc6 16. f3 Bc5+ 17. Kh1 h5 18. Be5 Ng4 19. Bf4 h4 20. Ne4 hxg3 21. Bxg3 Nf6 22. Nxc5 Qxc5 23. b4 Nh5 24. Be5 Qe7 25. Rg1 d6 26. Bg3 g5 27. Ba6 Rh6 28. Rbd1 e5 29. Qc4+ Qc7 30. Bxb7+ Kxb7 31. Qd5+ Qc6 32. Bxe5 Qxd5 33. Rxd5 Kc6 34. Rgd1 Nf4 35. b5+ Kc7 36. Bxf4 gxf4 37. Rf5 Rh4 38. Rf7+ Rd7 39. Rxd7+ Kxd7 40. Rg1 Rh5 41. a4 Rc5 42. Rg2 Ke6 43. h4 Rh5 44. Rg4 Ke5 45. Kg2 Rh7 46. Kh3 Rc7 47. Rg2 Kf5 48. Rg5+ Kf6 49. Rg2 Kf5 50. h5 Rc3 51. h6 Rc8 52. h7 Rh8 53. Rg7 Ke5 54. Kg4 1-0

[Event "Paris-ch"]
[Site "Paris"]
[Date "2006.07.12"]
[Round "8"]
[White "Sonter, Matthew"]
[Black "Gouanelle, Franck"]
[Result "1-0"]
[WhiteElo "2169"]
[BlackElo "2121"]
[PlyCount "101"]
[EventDate "2006.07.08"]
[EventType "swiss"]
[EventRounds "9"]
[EventCountry "FRA"]
[SourceTitle "EXT 2007"]
[Source "ChessBase"]
[SourceDate "2006.11.23"]
[SourceVersion "1"]
[SourceVersionDate "2006.11.23"]
[SourceQuality "1"]

1. e4 c6 2. d4 g6 3. Nc3 Bg7 4. Nf3 d5 5. h3 Nh6 6. Bd3 0-0 7. 0-0 dxe4 8. Nxe4 Nf5 9. c3 Nd7 10. Bf4 Nf6 11. Nxf6+ exf6 12. Re1 Be6 13. Qc2 b5 14. a4 a6 15. axb5 axb5 16. Rxa8 Qxa8 17. d5 Bxd5 18. Bxf5 Bxf3 19. gxf3 gxf5 20. Qxf5 Qc8 21. Qg4 Qxg4+ 22. fxg4 Rc8 23. Re7 Bf8 24. Rb7 Kg7 25. Kg2 Rd8 26. Rb6 Bd6 27. Be3 Rc8 28. h4 f5 29. gxf5 Kf6 30. Rb7 Bc7 31. Kf3 Kxf5 32. Bf4 Bxf4 33. Rxf7+ Ke5 34. Rxf4 Rd8 35. Rf7 Rd2 36. Rxh7 Rxb2 37. Re7+ Kd5 38. h5 Rc2 39. Re3 Rc1 40. Kg2 Ra1 41. h6 Kc4 42. h7 Ra8 43. Rh3 Rh8 44. f4 c5 45. f5 b4 46. cxb4 cxb4 47. f6 b3 48. f7 b2 49. Rh1 Rxh7 50. Rxh7 b1Q 51. Rh4+ 1-0

[Event "AUS-ch Major"]
[Site "Brisbane"]
[Date "2006.01.05"]
[Round "8"]
[White "Sonter, Matthew"]
[Black "Tulevski, Vasil"]
[Result "1-0"]
[WhiteElo "2189"]
[BlackElo "2021"]
[PlyCount "51"]
[EventDate "2005.12.28"]
[EventType "swiss"]
[EventRounds "11"]
[EventCountry "AUS"]
[SourceTitle "CBM 110 Extra"]
[Source "ChessBase"]
[SourceDate "2006.03.10"]
[SourceVersion "2"]
[SourceVersionDate "2006.03.10"]
[SourceQuality "1"]

1. e4 c5 2. Nf3 e6 3. Nc3 Nc6 4. d4 cxd4 5. Nxd4 Qg5 6. Be3 Nge7 7. Be2 Nxd4 8. Qxd4 Nc6 9. Qd2 Bb4 10. f4 Qa5 11. 0-0 Bxc3 12. bxc3 d5 13. f5 dxe4 14. f6 Qd8 15. fxg7 Rg8 16. Qe1 Rxg7 17. Bh5 Qa5 18. Qh4 Ne7 19. Bh6 Qc5+ 20. Kh1 Ng6 21. Qf6 Qxh5 22. Qxg7 Ne5 23. Qf8+ Kd7 24. Rad1+ Kc6 25. Qd6+ Kb5 26. a4+ 1-0

[Event "Doeberl Cup 43rd"]
[Site "Canberra"]
[Date "2005.03.27"]
[Round "6"]
[White "Humphrey, Jonathan"]
[Black "Sonter, Matthew"]
[Result "1-0"]
[WhiteElo "2176"]
[BlackElo "2039"]
[PlyCount "33"]
[EventDate "2005.03.25"]
[EventType "swiss"]
[EventRounds "7"]
[EventCountry "AUS"]
[SourceTitle "CBM 105 Extra"]
[Source "ChessBase"]
[SourceDate "2005.05.01"]
[SourceVersion "1"]
[SourceVersionDate "2005.05.01"]
[SourceQuality "1"]

1. e4 c5 2. Nf3 d6 3. d4 cxd4 4. Nxd4 Nf6 5. Nc3 a6 6. Rg1 e5 7. Nb3 Be6 8. g4 h6 9. f4 exf4 10. Bxf4 Nc6 11. Qe2 Qb6 12. Be3 Qc7 13. 0-0-0 Be7 14. Kb1 b5 15. Nd5 Bxd5 16. exd5 Nb4 17. Bg2 1-0

[Event "Doeberl Cup 43rd"]
[Site "Canberra"]
[Date "2005.03.26"]
[Round "3"]
[White "Sonter, Matthew"]
[Black "Bjelobrk, Igor"]
[Result "1/2-1/2"]
[WhiteElo "2206"]
[BlackElo "2377"]
[PlyCount "55"]
[EventDate "2005.03.25"]
[EventType "swiss"]
[EventRounds "7"]
[EventCountry "AUS"]
[SourceTitle "CBM 105 Extra"]
[Source "ChessBase"]
[SourceDate "2005.05.01"]
[SourceVersion "1"]
[SourceVersionDate "2005.05.01"]
[SourceQuality "1"]

1. e4 e6 2. d4 d5 3. Nc3 Bb4 4. e5 Ne7 5. a3 Bxc3+ 6. bxc3 c5 7. h4 h5 8. Nf3 b6 9. Bg5 Qc7 10. Bxe7 Kxe7 11. Qd2 Ba6 12. Rh3 Bxf1 13. Kxf1 Nc6 14. Rg3 Kf8 15. Ng5 Ne7 16. Rf3 Nf5 17. Kg1 Rh6 18. Re1 Re8 19. c4 Qc6 20. dxc5 dxc4 21. cxb6 axb6 22. Rd1 Rg6 23. Qd7 Qxd7 24. Rxd7 Re7 25. Rd8+ Re8 26. Rd7 Re7 27. Rd8+ Re8 28. Rd7 1/2-1/2

[Event "Agneaux St Lo Seniors op"]
[Site "Agneaux"]
[Date "2004.07.13"]
[Round "6"]
[White "Sonter, Matthew"]
[Black "Mihajlovskij, Sergei"]
[Result "0-1"]
[WhiteElo "2199"]
[BlackElo "2380"]
[PlyCount "70"]
[EventDate "2004.07.08"]
[EventType "swiss"]
[EventRounds "9"]
[EventCountry "FRA"]
[SourceTitle "EXT 2005"]
[Source "ChessBase"]
[SourceDate "2004.11.15"]
[SourceVersion "1"]
[SourceVersionDate "2004.11.15"]
[SourceQuality "1"]

1. e4 c5 2. Nf3 d6 3. d4 cxd4 4. Nxd4 Nf6 5. Nc3 a6 6. f4 e6 7. Qf3 Qc7 8. Bd3 b5 9. g4 b4 10. Nce2 Bb7 11. g5 Nfd7 12. Be3 Nc5 13. f5 exf5 14. Nxf5 Nbd7 15. Bd4 Ne5 16. Bxe5 dxe5 17. 0-0-0 Rc8 18. Kb1 g6 19. Ne3 Be7 20. h4 0-0 21. Nd5 Bxd5 22. exd5 f5 23. gxf6 e4 24. Bxe4 Bxf6 25. d6 Qg7 26. d7 Rcd8 27. Bxg6 Kh8 28. Bxh7 Qxh7 29. Rd5 Ne4 30. Rf1 a5 31. Nf4 a4 32. Rh5 Nd2+ 33. Kc1 Nxf3 34. Rxh7+ Kxh7 35. Rxf3 Rxd7 0-1

[Event "Doeberl Cup Major 42nd"]
[Site "Canberra"]
[Date "2004.04.09"]
[Round "1"]
[White "Sonter, Matthew"]
[Black "Hu, Jason"]
[Result "0-1"]
[WhiteElo "1946"]
[BlackElo "1700"]
[PlyCount "60"]
[EventDate "2004.04.09"]
[EventType "swiss"]
[EventRounds "7"]
[EventCountry "AUS"]
[SourceTitle "EXT 2006"]
[Source "ChessBase"]
[SourceDate "2005.11.24"]
[SourceVersion "1"]
[SourceVersionDate "2005.11.24"]
[SourceQuality "1"]

1. e4 c6 2. Nc3 d5 3. Nf3 Bg4 4. h3 Bxf3 5. Qxf3 Nf6 6. d3 e6 7. g3 Bb4 8. Bd2 Qb6 9. 0-0-0 Nbd7 10. Bg2 0-0-0 11. g4 Rhf8 12. Qg3 Bxc3 13. Bxc3 d4 14. Bd2 Nc5 15. b3 Ne8 16. c3 e5 17. c4 a5 18. Kc2 f6 19. f4 Nd7 20. g5 Qc5 21. Kb2 fxg5 22. fxe5 Qxe5 23. Qxg5 Rf2 24. Qxe5 Nxe5 25. Bf1 Nc7 26. Ka3 b6 27. h4 Rdf8 28. b4 axb4+ 29. Bxb4 c5 30. Be1 Rxf1 0-1